000 00823nas a2200253 4500
001 BR2012008131
003 BR-BrBNA
005 20231205121353.0
007 ta
008 230509b bl.|||p| |||| 00| 00por d
040 _aBR-BrBNA
_bpor
_cBiblioteca Nacional de Agricultura
041 _a(Pt)
072 _aF30
100 1 _aRaseira, M. do C.B.
100 1 _aFranzon, R.C.
245 1 _aMelhoramento genético e cultivares de amora-preta e mirtilo
650 _aAMORA PRETA
650 _aMIRTILO
650 _aMELHORAMENTO GENÉTICO VEGETAL
650 _aCRUZAMENTO VEGETAL
773 0 _tInforme Agropecuário - Empresa de Pesquisa Agropecuária de Minas Gerais (Brazil)
_xISSN 0100-3364
_g(May-Jun 2012), v. 33(268) p. 11-20
_wBR2012008131
909 _a202311
_bLúcia
_c55
_dLúcia Elande
942 _2AGRIS
_n0
_cANA
999 _c223209
_d223209